| Tag |
First Indicator |
Second Indicator |
Subfields |
| LEADER |
00000cam a22000004a 4500 |
| 001 |
in00002061521 |
| 005 |
20151101185350.0 |
| 008 |
031212s2005 ncuab b 001 0 eng |
| 010 |
|
|
|a 2003026872
|
| 020 |
|
|
|a 0890894043
|
| 035 |
|
|
|a (OCoLC)ocm53926830
|
| 040 |
|
|
|a DLC
|c DLC
|d C#P
|d OCL
|d UtOrBLW
|
| 042 |
|
|
|a pcc
|
| 043 |
|
|
|a a-pp---
|
| 049 |
|
|
|a TXAM
|
| 050 |
0 |
0 |
|a DU740.42
|b .K435 2005
|
| 082 |
0 |
0 |
|a 615.8/8/0899912
|2 22
|
| 100 |
1 |
|
|a Keck, Verena.
|
| 245 |
1 |
0 |
|a Social discord and bodily disorders :
|b healing among the Yupno of Papua New Guinea /
|c Verena Keck.
|
| 264 |
|
1 |
|a Durham, N.C. :
|b Carolina Academic Press,
|c [2005]
|
| 264 |
|
4 |
|c ©2005
|
| 300 |
|
|
|a xix, 336 pages :
|b illustrations, maps ;
|c 23 cm.
|
| 336 |
|
|
|a text
|b txt
|2 rdacontent
|
| 337 |
|
|
|a unmediated
|b n
|2 rdamedia
|
| 338 |
|
|
|a volume
|b nc
|2 rdacarrier
|
| 490 |
1 |
|
|a Carolina Academic Press medical anthropology series
|
| 500 |
|
|
|a Based on the author's thesis (doctoral)--Universitaet Basel, 1991.
|
| 504 |
|
|
|a Includes bibliographical references (pages 313-325) and index.
|
| 650 |
|
0 |
|a Yupna (Papua New Guinean people)
|x Diseases.
|
| 650 |
|
0 |
|a Yupna (Papua New Guinean people)
|x Medicine.
|
| 650 |
|
0 |
|a Yupna (Papua New Guinean people)
|x Psychology.
|
| 650 |
|
0 |
|a Traditional medicine
|z Papua New Guinea
|z Finisterre Range.
|
| 650 |
|
0 |
|a Medical anthropology
|z Papua New Guinea
|z Finisterre Range.
|
| 650 |
|
0 |
|a Ethnopsychology
|z Papua New Guinea
|z Finisterre Range.
|
| 651 |
|
0 |
|a Finisterre Range (Papua New Guinea)
|x Social conditions.
|
| 830 |
|
0 |
|a Carolina Academic Press ethnographic studies in medical anthropology series.
|
| 856 |
4 |
1 |
|3 Table of contents
|u http://www.loc.gov/catdir/toc/ecip0412/2003026872.html
|t 0
|
| 945 |
|
|
|i PromptCat
|
| 947 |
|
|
|a A14832654141
|
| 994 |
|
|
|a 92
|b TXA
|
| 948 |
|
|
|a cataloged
|b h
|c 2005/7/11
|d c
|e rbarron
|f 3:29:28 pm
|
| 999 |
|
|
|a MARS
|
| 999 |
f |
f |
|s 4d6a14c7-96ec-34da-8fbc-4c3d2f54b4aa
|i 90170208-3a0c-3780-bebf-3c5d9dc2ecc9
|t 0
|
| 952 |
f |
f |
|p normal
|a Texas A&M University
|b College Station
|c Sterling C. Evans Library
|d Evans: Library Stacks
|t 0
|e DU740.42 .K435 2005
|h Library of Congress classification
|i unmediated -- volume
|m A14832654141
|
| 998 |
f |
f |
|a DU740.42 .K435 2005
|t 0
|l Evans: Library Stacks
|